=LDR 00000nam 2200000 4500 =001 INLIS000000000025238 =005 20130612123750 =008 ***********************************Ind** =035 ##$$0010-061300000025238 =041 ##$$a Ind =082 ##$$a F.Rom d =090 ##$$a F.Rom, Chu d =100 ##$$a Chul, Park Young =245 ##$$a Deeger, Park Young Chul =260 ##$$a 2000 $b Jakarta =300 ##$$a 157 hlm, ilus, 18 cm =650 ##$$a Komik anak =850 ##$$a NBPNMAT